000 01071nam a22003017i 4500
003 EG-GICUC
005 20260401134627.0
008 260401s1936 fr ||||fr|||| 000 0 fre d
040 _aEG-GiCUC
_bfre
_cEG-GiCUC
_dEG-GiCUC
_eRda
041 _afre
_hfre
082 0 4 _221
_a338.9
_bPR .R
092 0 4 _221
099 _aLaw 13 338.9 PR .R 1936
100 1 _aProudhon, Pierre-Joseph
_eAuteur
245 1 2 _aLa révolution sociale démontrée par le coup d’état du Deux Décembre :
_bprojet d’exposition perpétuelle /
_cPar Pierre-Joseph Proudhon.
264 1 _aParis;
_bMarcel Rivière,
_c1936.
300 _a386 page :
_billustration ;
_c 24 cm.
336 _2rda contenu
_a texte
337 _2rda medias
_aOrdinateur
338 _2 transporteur rda
_a Ressource en ligne
504 _aBibliography: pages 200-250. 240-220
546 _aTexte en français
650 1 _aFinances publiques et législation fiscale
_2qrmak
651 1 _2qrmak
856 4 0 _uhttps://fll.law.cu.edu.eg/fulltext/bks/B13-01103.pdf
905 _a31
942 _2ddc
_cBK
_e21
_n0
999 _c68105
_d68105